000 00303nam a22001217a 4500
999 _c12329
_d12329
020 _a9780071067874
082 _a658.406
100 _aR. Srinivasan
245 _aBusiness Process Reengineering
260 _a2012
_bTata Mcgraw Hill Education Private Limited
_c2011
300 _a220 pages.
942 _cBK